Sporenie bez poistenia

Pravidelným šetrením k vyšším výnosom. Sporiace schémy správcovských spoločností. Príspevky do podielového fondu. Spôsob platenia poplatkov. Výber programu sporenia. Oznámenie zmeny výšky príspevku.

Salvato in:
Dettagli Bibliografici
Autore principale: Škriniar, Pavel, 1979-
Natura: Capitolo di libro
Lingua:slovacco
Soggetti:
Tags: Aggiungi Tag
Nessun Tag, puoi essere il primo ad aggiungerne!!

MARC

LEADER 00000naa$a2200000$$$4500
001 0059927
005 20240502071649.1
041 0 |a slo 
044 |a SK 
245 1 0 |a Sporenie bez poistenia  |c Pavel Škriniar 
520 |a Pravidelným šetrením k vyšším výnosom. Sporiace schémy správcovských spoločností. Príspevky do podielového fondu. Spôsob platenia poplatkov. Výber programu sporenia. Oznámenie zmeny výšky príspevku. 
610 2 0 |a sporenie obyvateľstva 
610 2 0 |a fondy podielové 
610 2 0 |a spoločnosti správcovské 
610 2 0 |a klienti 
100 1 |a Škriniar, Pavel, 1979-